Kádrová a personální práce v činnosti provozní jednotky

Salvato in:
Dettagli Bibliografici
Autore principale: Harangozó, Eduard
Natura: Libro
Lingua:ceco
Pubblicazione: Praha Merkur 1988
Edizione:2. uprav. vyd.
Serie:Výchova v obchodě
Tags: Aggiungi Tag
Nessun Tag, puoi essere il primo ad aggiungerne!!

MARC

LEADER 00000nam a2200000 4500
001 c038411
005 20250219101219.6
041 0 |a cze 
044 |a CZ 
245 1 0 |a Kádrová a personální práce v činnosti provozní jednotky  |c Eduard Harangozó 
250 |a 2. uprav. vyd. 
264 1 |a Praha  |b Merkur  |c 1988 
300 |a 109 s. 
490 1 |a Výchova v obchodě 
830 0 |a Výchova v obchodě 
100 1 |a Harangozó, Eduard